Conferencia mundial de derechos humanos: declaración y programa de acción de Viena junio 1993

Сохранить в:
Библиографические подробности
Формат:
Язык:испанский
Опубликовано: Nueva York Naciones Unidas 1995
Предметы:
Метки: Добавить метку
Нет меток, Требуется 1-ая метка записи!

MARC

LEADER 00000nam a2200000 a 4500
001 UCZ0405
003 CL-VaPUC
008 950728e19950000US |||||||||||||||||spa|d
082 0 4 |a 323  |b CON  |2 21 
245 1 0 |a Conferencia mundial de derechos humanos: declaración y programa de acción de Viena junio 1993 
300 |a 77 p 
942 |c BK 
945 |d 19950728 00:00:00  |a rbrito 
260 |a Nueva York  |b Naciones Unidas  |c 1995 
650 0 |a Derechos humanos  |9 223025 
650 0 |a Congresos  |9 257560 
650 0 |a Derechos civiles y políticos   |9 338684 
583 |a last modification  |c 19950728 00:00:00  |k Rodrigo Vera 
999 |c 237336  |d 237334 
952 |0 0  |1 0  |4 0  |6 323_000000000000000_CON_1995  |7 0  |8 A  |9 246273  |a BIBENE  |b BIBENE  |d 2019-11-18  |i 3114473  |o 323 CON 1995  |p 3114473  |r 2025-01-15  |w 2019-11-18  |y BK  |k ICO 
952 |0 0  |1 0  |4 0  |6 323_000000000000000_CON_1995  |7 0  |8 P  |9 246274  |a BIBDER  |b BIBDER  |d 2019-11-18  |i 3108651  |o 323 CON 1995  |p 3108651  |r 2023-01-25  |w 2019-11-18  |y BK  |k DER